000 00756nam a2200217Ia 4500
003 GCL
008 140319s9999 xx 000 0 ara d
040 _aGCL /
_cGCL
082 0 4 _a621.312
_bف ق
100 1 _aفلافين، كريستوفر
245 1 0 _aالقوى المحركة فى المستقبل : برنامج عمل لصناعة كهربائية متواصلة /
_cفلافين، كريستوفر
700 1 _aامال كيلانى
700 1 _aليسين، نيكولاس
300 _a115 ص
490 _aورلد واتش العربية
_v0
650 0 4 _aالكهرباء
650 0 4 _aالطاقة - نقل و توزيع
650 0 4 _aالكهرباء - توليد
650 0 4 _aالكهرباء - توزيع
942 _2ddc
_cBK
999 _c51671
_d51671